Khiêu vũ với số phận : Những bước ngoặt của cuộc đời

Wedi'i Gadw mewn:
Manylion Llyfryddiaeth
Prif Awdur:  Wegscheider-Cruse, Sharon
Fformat: Sách
Iaith:Undetermined
Cyhoeddwyd:  Văn hóa - Thông tin  2010
Pynciau:
Tagiau: Ychwanegu Tag
Dim Tagiau, Byddwch y cyntaf i dagio'r cofnod hwn!
Thư viện lưu trữ: Trung tâm Thư viện - Trường Đại học Công nghiệp TP. Hồ Chí Minh
LEADER 00603nam a2200157Ia 4500
001 UIH_07049
008 231011s9999 xx 000 0 und d
082 |a  204.4 
100 |a  Wegscheider-Cruse, Sharon 
245 0 |a  Khiêu vũ với số phận : Những bước ngoặt của cuộc đời 
245 0 |c  Wegscheider-Cruse, Sharon 
260 |b  Văn hóa - Thông tin 
260 |c  2010 
650 |a  Đời sống tâm linh; Tự nhận thức;  
927 |a Sách 
980 |a Trung tâm Thư viện - Trường Đại học Công nghiệp TP. Hồ Chí Minh